Дело о доставлении в Герольдию сведений о сыне портного Спицына, Петре

Доступно только в Электронных читальных залах Найти на картеНа карте
RUSMARC
00003599nmc2a22000003x 450
001bc7f311e-afaf-497e-baa8-9060795ae5ba
00520181127021334.0
100##$a20161226l18231824k l0rusy0189 ca
1010#$arus
102##$aRU
2001#$aДело о доставлении в Герольдию сведений о сыне портного Спицына, Петре
$j15 февраля 1823 г. - 2 апреля 1824 г.
251##$cДело
300##$aДело
801#0$aRU
$bРГИА
$c20161226
$gRCR
801#1$aRU
$bГлавНИВЦ
$c20161226
$2rusmarc
801#2$aRU
$bПБ им. Б.Н. Ельцина
$c20181127
$gRCR
$2rusmarc
850##$aРГИА
852##$aРГИА
$eФедеральное казенное учреждение "Российский государственный исторический архив" (РГИА)
$j2440
937##$hРГИА
$d12237621
$aASBIBLIO_SCAN
462#0$1001dd3991dc-24e1-42ec-8838-ca4255420416
$12001
$a1746-1850 гг.
$1251
$cОпись
$1852
$j1
461#0$10019264ebf8-de62-4f1a-9eb4-9f22098dbbd5
$12001
$aДирекция императорских театров МИДв
$1251
$cФонд
$1852
$j497
215##$a8 л.
$d36,5х26 см
371##$aДокумент не является опубликованным и широко распространяемым
105##$ay###
1222#$ad
035##$abc7f311e-afaf-497e-baa8-9060795ae5ba
856##$uhttp://readingroom.main.prlib.ru/item.aspx?id_node=n121025092&mode=full
Формат отображения